000 01020cam a2200205 4500
001 ##D8395
008 090401t1963 xxu||||| |||| 00| 0 eng d
035 _a(Sirsi) u12682
041 0 _aeng
050 0 4 _a692.3 $2 18
110 2 _aRoyal Institution of Chartered Surveyors
_94900
245 0 0 _aCode for the measurement of building works in small dwellings
_bauthorised by agreement between the Royal Institution of Chartered Surveyors and the National Federation of Building Trades Employers
250 _a2nd ed.
260 _aLondon
_bRoyal Institution of Chartered Surveyors
_bNational Federation of Building Trades Employers
_c1963
300 _avi, 18p.
_c30cm.
520 _aProvides a foundation for measuring building works in small dwellings such as houses, bungalows, flats and masionetttes. Its use is restricted to buildings of no more than two storeys high and 1200 square feet in floor space.
690 _aBUILT ENVIRONMENT-BUILDING INSPECTION-MEASURED SURVEYING
942 _n0
948 _c04/03/1997
999 _c87022
_d87022